00848 2200289 4500001002100000005001500021035002000036007000300056008004100059020002200100040001700122082001400139084001600153100002000169245011800189250003300307260003600340300005300376650001200429700001800441700002200459700002100481850001200502041000800514990001800522990001800540INLIS00000000081784320181130125224 a0010-1118000189ta181115s2017 jkia g ind d a978-602-385-275-8 aYOPDYOGbind04223a372.4 a372.4 ROO m0 aRoosie Setiawan1 aMembacakan nyaring /cRoosie Setiawan; penyunting, Dyota Lakhsmi, Novikasari Eka. S; ilustrator, Kartika Paramita aCetakan ke-1, September 20173 aJakarta Selatan :bNoura,c2017 aviii, 127 halaman :bilustrasi berwarna ;c20 cm 4aMembaca0 aDyota Lakhsmi0 aNovikasari Eka. S0 aKartika Paramita aYOPDYOG0 aind a36266-PD/B.18 a36267-PD/B.18